000 00215nam a2200085Ia 4500
008 120527s9999 xx 000 0 und d
100 _aLerner &hulsch
245 _aHuman development:a lifespan perspective
942 _cBK
999 _c27582
_d27582